000 00493nam a2200169Ia 4500
999 _c36912
_d36912
003 OSt
005 20210123111750.0
008 190216s9999||||xx |||||||||||||| ||und||
040 _coclc
082 _a650.076
_bPUB/M
100 _aPublishers
_93512
245 0 _aMBA Entrance Exam At A Glance /
_cPublishers
260 _bCompetition Review Pvt Ltd,
_c2008.
_aNew Delhi:
300 _a462p
650 _aReferences
942 _cREF
_2ddc
_h650.076
_iPUB/M
_k650.076
_mPUB/M